|
|
|
|
| LEADER |
00585cam a2200169 7i4500 |
| 001 |
0000005468 |
| 005 |
19991025090000.0 |
| 002 |
##000007102 |
| 020 |
0 |
0 |
|a 1-85617-257-0
|
| 090 |
0 |
0 |
|a I 621.3
|b YEA
|
| 245 |
0 |
0 |
|a Yearbook of world electronics data 1995 :
|b East Europe & world summary :
|b East Europe & world summary :
|b market prospects to 1998.
|
| 260 |
0 |
0 |
|a Kidlington, Oxford:
|b Elsevier Advanced Technology,
|c 1995.
|
| 300 |
0 |
0 |
|a 190 p..
|
| 440 |
0 |
0 |
|a Vol. 4
|
| 650 |
0 |
0 |
|a Electronics --
|z East Europe
|
| 651 |
0 |
0 |
|a East Europe
|
| 999 |
|
|
|a 0000007397
|b Book
|c Open shelf
|e Business Information Centre
|